000
00300 a2200145 4500
001
155398
040
_c
Escola São Tomás de Aquino
100
_a
AZEVEDO, Gislaine
240
1
0
_a
História
_l
por
245
1
0
_a
História
300
_a
239
440
1
_a
Ática
697
_a
HISTÓRIA
942
_c
BK
999
_c
155398
_d
155398